Keď právo národa naráža na právo štátu

Referendum o osamostatnení Katalánska ústavný súd v Madride postavil mimo zákona a španielska vláda sa pokúšala mariť jeho prípravy, napokon prebehlo, a to dramatickým spôsobom. Použitie policajnej sily vrhlo tmavý tieň na španielsku vládu aj na bruselské špičky EÚ. Spôsob, ako sa dá taktickejšie na...

ver descrição completa

Na minha lista:
Detalhes bibliográficos
Autor principal: Pressburg, Adrian Peter
Formato: Capítulo de Livro
Idioma:eslovaco
Assuntos:
Tags: Adicionar Tag
Sem tags, seja o primeiro a adicionar uma tag!

MARC

LEADER 00000naa a2200000 4500
001 0236537
005 20171016084437.7
041 0 |a slo 
044 |a SK 
245 1 0 |a Keď právo národa naráža na právo štátu  |c Adrian Peter Pressburg 
520 |a Referendum o osamostatnení Katalánska ústavný súd v Madride postavil mimo zákona a španielska vláda sa pokúšala mariť jeho prípravy, napokon prebehlo, a to dramatickým spôsobom. Použitie policajnej sily vrhlo tmavý tieň na španielsku vládu aj na bruselské špičky EÚ. Spôsob, ako sa dá taktickejšie narábať pri presadzovaní práva národa na sebaurčenie, predviedli Kataláncom irackí Kurdi. 
610 2 0 |a referendum 
610 2 0 |a autonómia 
610 2 0 |a národ 
610 2 0 |a regióny 
610 2 0 |a Španielsko 
610 2 0 |a Irak 
100 1 |a Pressburg, Adrian Peter